Basic Pathology (Record no. 274)

MARC details
000 -LEADER
fixed length control field 00573nam a2200205 4500
003 - CONTROL NUMBER IDENTIFIER
control field OSt
005 - DATE AND TIME OF LATEST TRANSACTION
control field 20180207135933.0
008 - FIXED-LENGTH DATA ELEMENTS--GENERAL INFORMATION
fixed length control field 140723b xxu||||| |||| 00| 0 eng d
020 ## - INTERNATIONAL STANDARD BOOK NUMBER
International Standard Book Number 0721651224
040 ## - CATALOGING SOURCE
Transcribing agency 040a
082 ## - DEWEY DECIMAL CLASSIFICATION NUMBER
Classification number QZ 150 K96r 1997
100 ## - MAIN ENTRY--PERSONAL NAME
Personal name Kumar, Vinay; Ramzi, S Contraan; Stanley, L Robbins
9 (RLIN) 677
245 ## - TITLE STATEMENT
Title Basic Pathology
250 ## - EDITION STATEMENT
Edition statement 6th.ed.
260 ## - PUBLICATION, DISTRIBUTION, ETC. (IMPRINT)
Place of publication, distribution, etc. Philadelphia;
Name of publisher, distributor, etc. W.B Saunders,
Date of publication, distribution, etc. 1997
300 ## - PHYSICAL DESCRIPTION
Extent xii, 7759;
Other physical details col.ill :
Dimensions 28cm .
504 ## - BIBLIOGRAPHY, ETC. NOTE
Bibliography, etc includes bibliographic references and index
650 ## - SUBJECT ADDED ENTRY--TOPICAL TERM
Topical term or geographic name as entry element Pathology
9 (RLIN) 37
942 ## - ADDED ENTRY ELEMENTS (KOHA)
Source of classification or shelving scheme Other/Generic Classification Scheme
Koha item type Book Bank
Holdings
Withdrawn status Lost status Source of classification or shelving scheme Damaged status Not for loan Home library Current library Date acquired Source of acquisition Inventory number Total Checkouts Full call number Barcode Date last seen Koha item type
    Other/Generic Classification Scheme     MUST Main Library MUST Main Library 23/07/2014   97/11035   QZ 150 K96r 1997 2014-1377 23/07/2014 Book Bank
    Other/Generic Classification Scheme     MUST Main Library MUST Main Library 23/07/2014   97/11034   QZ 150 K96r 1997 2014-1378 23/07/2014 Book Bank
    Other/Generic Classification Scheme     MUST Main Library MUST Main Library 23/07/2014   97/11036   QZ 150 K96r 1997 2014-1379 23/07/2014 Book Bank
    Other/Generic Classification Scheme     MUST Main Library MUST Main Library 23/07/2014   97/11037   QZ 150 K96r 1997 2014-1380 23/07/2014 Book Bank